000 00596nam a2200193Ia 4500
003 GCL
008 140319s9999 xx 000 0 ara d
040 _aGCL /
_cGCL
082 0 4 _a361.8
_bع ت
100 1 _aمدحت فؤاد فتوح حسين
245 1 0 _aتنظيم المجتمع : اجهزة - مجالات - حالات /
_cمدحت فؤاد فتوح حسين
700 1 _aعبدالحليم رضا
300 _a400 ص
490 _aكتاب
_v0
650 0 4 _aتنظيم المجتمع
650 0 4 _aالمجتمع
650 0 4 _aالخدمة الاجتماعية
942 _2ddc
_cBK
999 _c42221
_d42221